000 00618nam a2200229Ia 4500
003 OSt
005 20221007080428.0
006 a|||||r|||| 00| 0
007 ta
008 221006b |||||||| |||| 00| 0 eng d
024 _a6,647
037 _cTextual
040 _aFLL
_cFLL
_beng
041 _2eng
_aeng
082 _aV2:2:Z, N1.3
100 _aSeervai H.M. Au.
245 0 _aConstitutional law of india
260 _aNew Delhi
_bUniversal law publishing co. pvt. ltd. India
_c1991
300 _a3251p
_ccm.
942 _hV2:2:Z, N1.3
_cTEXL
_2CC
999 _c1159590
_d1159590